| 000 | 00371pab a2200145 454500 | ||
|---|---|---|---|
| 008 | 180718b1990 xxu||||| |||| 00| 0 eng d | ||
| 100 | _aDantwala, M.L. | ||
| 245 | _aAgricultural prices under political pressure | ||
| 260 | _c1990 | ||
| 300 | _a2136-7 | ||
| 362 | _a22 Sept. | ||
| 650 | _aFarm Produce - Prices | ||
| 773 | _aEconomic and Political Weekly | ||
| 909 | _a8330 | ||
| 999 |
_c8330 _d8330 |
||